Statistics for 1000 Club

Click here to take the quiz!

General Stats

  • This quiz has been taken 1,298 times
    (64 since last reset)
  • The average score is 10 of 45

Answer Stats

AppsMost Apps ForPlayer% Correct
1,107BarcelonaLionel Messi
79%
1,249Real MadridCristiano Ronaldo
78%
1,148BarcelonaXavi
67%
1,057BarcelonaAndrés Iniesta
59%
1,175JuventusGianluigi Buffon
53%
1,125Real MadridIker Casillas
53%
1,033Real MadridSergio Ramos
50%
1,046ChelseaFrank Lampard
41%
1,044A.C. MilanPaolo Maldini
38%
1,044Manchester UnitedRyan Giggs
38%
1,071Real MadridRaúl
36%
1,411Leicester CityPeter Shilton
34%
1,065Real MadridLuka Modrić
26%
1,080BarcelonaDani Alves
22%
1,046Yokohama FCKazuyoshi Miura
22%
1,141Real MadridRoberto Carlos
22%
1,010LiverpoolJames Milner
21%
1,113Inter MilanJavier Zanetti
21%
1,053ArsenalDavid Seaman
19%
1,018LiverpoolPepe Reina
17%
1,226F. C. São PauloRegerio Ceni
16%
1,063BarcelonaRivaldo
16%
1,119LiverpoolRay Clemence
12%
1,067Bayern MunichZé Roberto
12%
1,057EvertonAlan Ball, Jr.
10%
1,023LiverpoolDavid James
10%
1,017LiverpoolIan Callaghan
10%
1,095Swansea CityRobbie James
10%
1,024BarcelonaAndoni Zubizarreta
9%
1,017A. C. MilanClarence Seedorf
9%
1,047LinfieldGlenn Ferguson
7%
1,132Tottenham HotspurPat Jennings
7%
1,312CruzeiroFábio
5%
1,025Preston North EndGraham Alexander
5%
1,084Sporting Club de PortugalJoão Moutinho
5%
1,286Boston UnitedPaul Bastock
5%
1,023Club BruggeTimmy Simmons
5%
1,152Gamba OsakaYasuhito Endō
5%
1,078FlamengoZinho
5%
1,187Slavia PrahaFrantišek Plánička
3%
1,071Bristol RoversJamie Cureton
3%
1,097F. C. São PauloMarcelinho
3%
1,024LinfieldNoel Bailie
3%
1,178Coventry CityTommy Hutchison
3%
1,083Grimbsy TownTony Ford
3%

Score Distribution

Percentile by Number Answered

Percent of People with Each Score

Your Score History

You have not taken this quiz since the last reset